000 00845nam a2200229Ia 4500
005 20260430150758.0
008 008 250103s9999 xx 000 0 hin d
037 _aTheses
040 _aCRL
040 _bhin
040 _chin
041 _2hin
041 _ahin
084 _qCRL
100 _aगीतांजलि, ले.
_9868733
245 0 _aग्वालियर घराने के संगीतज्ञ पं. कृष्णराव शंकर पंडित का भारतीय संगीत में योगदान
260 _c2023
300 _a229पृ0
700 _aदिल्ली विश्वविद्यालय. संगीत एंव ललित कला संकाय. संगीत विभाग
_91238345
942 _cTH
999 _c1850734
_d1850734